[Event "Santa Cruz op 5th"]
[Site "Santa Cruz"]
[Date "2023.02.19"]
[Round "7"]
[White "Yucra Valdes, Diego Alonso"]
[Black "Foronda, Ernesto"]
[Result "1-0"]
[WhiteElo "1503"]
[BlackElo "1541"]
[PlyCount "77"]
[EventDate "2023.02.16"]
[EventType "swiss"]
[EventRounds "7"]
[EventCountry "BOL"]
[SourceTitle "CBM 212 Extra"]
[Source "ChessBase"]
[SourceDate "2023.03.31"]
[SourceVersion "1"]
[SourceVersionDate "2023.03.31"]
[SourceQuality "1"]

1. d4 Nf6 2. Nf3 d6 3. Nc3 g6 4. e4 Bg7 5. Bf4 0-0 6. Qd2 Re8 7. 0-0-0 Bg4 8. Be2 Nc6 9. d5 Bxf3 10. Bxf3 Nb4 11. Kb1 a5 12. h4 h5 13. Rdg1 Qd7 14. Bg5 Ng4 15. Bxg4 Qxg4 16. f3 Qd7 17. g4 Kh7 18. gxh5 gxh5 19. Bxe7 Qxe7 20. Rxg7+ Kxg7 21. Rg1+ Kh7 22. Rg5 Qf6 23. b3 Rg8 24. Rxh5+ Kg7 25. e5 dxe5 26. Ne4 Qf4 27. Qc3 Kf8 28. Qc5+ Ke8 29. d6 Rf8 30. Rxe5+ Qxe5 31. Qxe5+ Kd7 32. Qe7+ Kc6 33. Qxc7+ Kd5 34. Qc5+ Ke6 35. Ng5+ Kf6 36. Nh7+ Ke6 37. f4 Rfc8 38. f5+ Kd7 39. Nf6+ 1-0

[Event "Santa Cruz op 5th"]
[Site "Santa Cruz"]
[Date "2023.02.18"]
[Round "6"]
[White "Foronda, Ernesto"]
[Black "Ribera, Miguel Angel"]
[Result "0-1"]
[WhiteElo "1541"]
[BlackElo "1910"]
[PlyCount "26"]
[EventDate "2023.02.16"]
[EventType "swiss"]
[EventRounds "7"]
[EventCountry "BOL"]
[SourceTitle "CBM 212 Extra"]
[Source "ChessBase"]
[SourceDate "2023.03.31"]
[SourceVersion "1"]
[SourceVersionDate "2023.03.31"]
[SourceQuality "1"]

1. e4 c5 2. f4 Nc6 3. Nf3 g6 4. Nc3 Bg7 5. Bc4 e6 6. 0-0 d6 7. d3 Nge7 8. Be3 e5 9. fxe5 dxe5 10. Nxe5 Nxe5 11. Bxc5 0-0 12. Nd5 b6 13. Ba3 h6 0-1

[Event "Santa Cruz op 5th"]
[Site "Santa Cruz"]
[Date "2023.02.18"]
[Round "5"]
[White "Foronda, Ernesto"]
[Black "Suarez Antelo, Jesus"]
[Result "1-0"]
[WhiteElo "1541"]
[BlackElo "1376"]
[PlyCount "45"]
[EventDate "2023.02.16"]
[EventType "swiss"]
[EventRounds "7"]
[EventCountry "BOL"]
[SourceTitle "CBM 212 Extra"]
[Source "ChessBase"]
[SourceDate "2023.03.31"]
[SourceVersion "1"]
[SourceVersionDate "2023.03.31"]
[SourceQuality "1"]

1. e4 c5 2. f4 Nc6 3. Nf3 d6 4. Bc4 Nf6 5. Nc3 Bg4 6. h3 Bxf3 7. Qxf3 a6 8. a4 e6 9. 0-0 Be7 10. Ne2 d5 11. exd5 exd5 12. Ba2 c4 13. c3 Bc5+ 14. Kh1 h5 15. d4 cxd3 16. Qxd3 Qe7 17. Nd4 Rd8 18. Be3 Ne4 19. Bg1 h4 20. Rfe1 Qf6 21. Bxd5 Rxd5 22. Qxe4+ Kd7 23. Qxd5+ 1-0

[Event "Santa Cruz op 5th"]
[Site "Santa Cruz"]
[Date "2023.02.16"]
[Round "2"]
[White "Ferrufino, Boris"]
[Black "Foronda, Ernesto"]
[Result "1-0"]
[WhiteElo "1926"]
[BlackElo "1541"]
[PlyCount "71"]
[EventDate "2023.02.16"]
[EventType "swiss"]
[EventRounds "7"]
[EventCountry "BOL"]
[SourceTitle "CBM 212 Extra"]
[Source "ChessBase"]
[SourceDate "2023.03.31"]
[SourceVersion "1"]
[SourceVersionDate "2023.03.31"]
[SourceQuality "1"]

1. d4 Nf6 2. Nf3 d5 3. e3 Bg4 4. c4 e6 5. Qb3 b6 6. Ne5 Be7 7. h3 Bf5 8. Nd2 0-0 9. Be2 c5 10. Ndf3 h6 11. 0-0 Ne4 12. Rd1 f6 13. Nd3 Nc6 14. cxd5 Na5 15. Qa4 c4 16. Nf4 a6 17. Nxe6 Bxe6 18. dxe6 b5 19. Qc2 Qd5 20. Nd2 f5 21. Bf3 Qxe6 22. Nxe4 fxe4 23. Qxe4 Qxe4 24. Bxe4 Ra7 25. Bd2 Nb7 26. b3 cxb3 27. axb3 Nd6 28. Bd5+ Kh8 29. Rdc1 Rc8 30. Rxc8+ Nxc8 31. e4 b4 32. e5 Rd7 33. Be6 Rxd4 34. Be3 Rd8 35. Rxa6 Kh7 36. Rc6 1-0

[Event "Santa Cruz-ch"]
[Site "Santa Cruz"]
[Date "2014.10.07"]
[Round "9"]
[White "Almendras, Elias"]
[Black "Foronda, Ernesto"]
[Result "1-0"]
[WhiteElo "2077"]
[BlackElo "1700"]
[PlyCount "51"]
[EventDate "2014.09.29"]
[EventType "tourn"]
[EventRounds "9"]
[EventCountry "BOL"]
[SourceTitle "EXT 2015"]
[Source "ChessBase"]
[SourceDate "2014.11.20"]
[SourceVersion "1"]
[SourceVersionDate "2014.11.20"]
[SourceQuality "1"]

1. d4 Nf6 2. Nf3 e6 3. c4 d5 4. Nc3 c6 5. cxd5 exd5 6. Bg5 Be7 7. e3 0-0 8. h3 Nbd7 9. Bd3 Re8 10. 0-0 Ne4 11. Bf4 f5 12. Be2 Bf6 13. Nxe4 fxe4 14. Nh2 g6 15. Rc1 Qe7 16. Ng4 Bg7 17. Bh6 Bh8 18. f4 exf3 19. Bxf3 Bg7 20. Bxg7 Kxg7 21. Rc3 h5 22. Nf2 Nf6 23. Nd3 Qxe3+ 24. Kh1 Qxd4 25. Rc1 Bf5 26. Nc5 1-0

[Event "Santa Cruz-ch"]
[Site "Santa Cruz"]
[Date "2014.10.06"]
[Round "8"]
[White "Foronda, Ernesto"]
[Black "Abasto Chavez, Dorian Quintin"]
[Result "0-1"]
[WhiteElo "1700"]
[BlackElo "1848"]
[PlyCount "86"]
[EventDate "2014.09.29"]
[EventType "tourn"]
[EventRounds "9"]
[EventCountry "BOL"]
[SourceTitle "EXT 2015"]
[Source "ChessBase"]
[SourceDate "2014.11.20"]
[SourceVersion "1"]
[SourceVersionDate "2014.11.20"]
[SourceQuality "1"]

1. d4 Nf6 2. Nf3 g6 3. Bf4 Bg7 4. h3 0-0 5. c4 d6 6. e3 Nc6 7. Nc3 Nd7 8. Be2 e5 9. Bg3 h6 10. d5 Ne7 11. e4 a5 12. 0-0 Nc5 13. Nd2 g5 14. Nb3 Nxb3 15. axb3 f5 16. exf5 Nxf5 17. b4 Nd4 18. bxa5 Nxe2+ 19. Qxe2 Bf5 20. Ne4 Qe8 21. b4 Qg6 22. f3 h5 23. Nf2 e4 24. fxe4 Bxa1 25. exf5 Qg7 26. Qxh5 Rxf5 27. Kh2 Be5 28. Qg4 Raf8 29. Qe2 Bxg3+ 30. Kxg3 Qe5+ 31. Qxe5 dxe5 32. c5 e4 33. Re1 Rxf2 34. Rxe4 R2f5 35. Re7 R8f7 36. Re8+ Kg7 37. Rb8 Rxd5 38. Rxb7 Rd2 39. a6 c6 40. b5 Ra2 41. b6 Rxa6 42. Rxf7+ Kxf7 43. b7 Ra3+ 0-1